| 000 | 01047nam a22002777a 4500 | ||
|---|---|---|---|
| 999 |
_c117058 _d117058 |
||
| 003 | dpl | ||
| 005 | 20190307134940.0 | ||
| 008 | 190307b ||||| |||| 00| 0 eng d | ||
| 010 | _aB-104732 | ||
| 020 |
_c150.00 _a8188139343 |
||
| 035 | _aB-104732, B-104740 | ||
| 037 | _bCen Lib/Ret | ||
| 040 |
_aDPL _bHN _c0 |
||
| 082 |
_aक _bअभिम |
||
| 100 |
_aअभिमन्यु अनत _947617 |
||
| 245 |
_aअब कल आएगा यमराज / _cअभिमन्यु अनत |
||
| 246 |
_aAb kal ayega yamraj / _bby Abhimanyu Anat |
||
| 260 |
_aदिल्ली _bज्ञान गंगा _c2003 |
||
| 270 |
_bदिल्ली _a205-सी चावड़ी बाजार _e110006 |
||
| 300 |
_a153पृ. _c21सेमी(सजिल्द) |
||
| 650 |
_aहिन्दी साहित्य _969829 |
||
| 650 |
_aहिन्दी -- कहानियाँ _969830 |
||
| 650 |
_aHindi literature _969831 |
||
| 650 |
_aHindi -- Stories _969832 |
||
| 942 |
_2ddc _cHN _hक _mअभिम |
||